Niemożliwy quiz o państwach - Statystyki

Ogólne statystyki
  • Ten quiz został rozwiązany 21 razy
  • Średni wynik to 2 z 10
Statystyki odpowiedzi
Poziom podpowiedź odpowiedź % Poprawnych
155 Co oznacza żółta linia na fladze Nauru? równik
73%
170 W którym roku ukończono wieżę Eiffle? 1889
47%
180 Największe zasolenie Bałtyku występuje, w rejonie cieśnin Duńskich
33%
160 Jaki jest 3 najbiedniejsze państwo świata?* Sierra Leone
27%
175 Głębokość Głębiii Landsort (w metrach) 459
7%
190 Podaj powierzchnię Eswatini w km² (co do metra) 17 364
0%
195 Populacja Vancouver w 2001 roku 545 670
0%
185 Najgłebszy basen świata Deep Dive Dubai
0%
200 Motto Irlandii Północnej (po polsku) Kto nas rozdzieli
0%
165 Najdłuższa rzeka Hondurasu Patuca
0%
Nie znaleziono quizów pasujących do podanych kryteriów
Rozkład punktacji
Procent ludzi z każdym wynikiem
Percentyl według liczby udzielonych odpowiedzi
Twoja historia wyników
Nie rozwiązałeś tego quizu